Suomen poliittiset puolueet - Statistics

Yleistilastot
  • Tätä visaa on pelattu 162 kertaa
  • Keskiarvotulos 13 / 16
Answers on the Grid
Answers color-coded by a green-red scale on the quiz's grid according to % correct below.
Kansallinen Kokoomus - Kok.
Liike Nyt - Liik.
Totuuspuolue - Tot.
Tulevaisuuspuolue - TUP
Vapauden liitto - VL
Uusi Kokoomus - UKo
Suomen ruotsalainen kansanpuolue - RKP
Kansan Ääni - KÄÄ
Solidaarisuus Suomi - SS
Vihervasemmiston Vaihtoehto - ViVa
Valta kuuluu kansalle - VKK
Vasemmistoliitto - Vas.
Tasa-arvoliitto - TAL
Kristallipuolue - Kristall.
Suomen Kommunistinen Puolue - SKP
Suomen Turva - SuTu
Suomen Keskusta - Kesk.
Romanien Ääni - RÄ
Suomen Kristillisdemokraatit - KD
Koti ja Kansa - KoKa
Teknopartio - TeP
Vapaa Suomi - VaS
Suomen Sosialidemokraattinen Puolue - SDP
Avoin puolue - AP
Kansantahto - KTA
Eläinoikeuspuolue - EOP
Sámi Válgga - SV
Vihreä liitto - Vihr.
Perussuomalaiset - PS
Raamatun Tie - RT
 
Vastaustilastot
Vastaus % Oikein
Kansallinen Kokoomus - Kok.
99%
Liike Nyt - Liik.
97%
Perussuomalaiset - PS
89%
Suomen Sosialidemokraattinen Puolue - SDP
89%
Suomen Kristillisdemokraatit - KD
88%
Suomen ruotsalainen kansanpuolue - RKP
88%
Vasemmistoliitto - Vas.
87%
Suomen Keskusta - Kesk.
86%
Vihreä liitto - Vihr.
86%
Suomen Kommunistinen Puolue - SKP
77%
Kristallipuolue - Kristall.
74%
Valta kuuluu kansalle - VKK
74%
Vapauden liitto - VL
66%
Eläinoikeuspuolue - EOP
65%
Avoin puolue - AP
57%
Totuuspuolue - Tot.
55%
Ehtoja vastaavia visoja ei löytynyt
Tulosjakauma
Jokaisen tuloksen saaneiden osuus
Persentiili vastausten määrän mukaan
Tuloshistoriasi
Et ole pelannut tätä visaa